000 00760nam a2200253Ia 4500
005 20250117103421.0
008 008 250103s9999 xx 000 0 eng d
020 _a9783319966427
037 _aTextual
040 _aCSL
_beng
_cCSL
041 _aeng
_2eng
084 _aY7:(L) P9;Q9;1
_qCSL
100 _aKestenbaum, Bryan
245 0 _aEpidemiology and biostatistics: An introduction to clinical research
_cKestenbaum, Bryan
250 _a2nd
260 _aSwitzerland
_bSpringer
_c2019
300 _axiv, 277p. ill.
650 _a Biostatistics
_9426235
650 _a Cohort studies
_9732917
650 _a Survival analysis
_9732918
650 _aStatistics
942 _cTEXL
_hY7:(L) P9;Q9;1
999 _c1237311
_d1237311